The Bhagavadgītā as a philosophy of God-realisation; (Record no. 69466)

MARC details
000 -LEADER
fixed length control field 00764cam a22002411 4500
001 - CONTROL NUMBER
control field sa 66004512
003 - CONTROL NUMBER IDENTIFIER
control field DLC
005 - DATE AND TIME OF LATEST TRANSACTION
control field 20260227112243.0
008 - FIXED-LENGTH DATA ELEMENTS--GENERAL INFORMATION
fixed length control field 800422s1965 ii 000 0 eng
010 ## - LIBRARY OF CONGRESS CONTROL NUMBER
LC control number sa 66004512
035 ## - SYSTEM CONTROL NUMBER
System control number (OCoLC)6232931
040 ## - CATALOGING SOURCE
Original cataloging agency DLC
Transcribing agency TNJ
Modifying agency OCoLC
-- DLC
042 ## - AUTHENTICATION CODE
Authentication code premarc
050 00 - LIBRARY OF CONGRESS CALL NUMBER
Classification number BL1130
Item number .R27 1965
082 ## - DEWEY DECIMAL CLASSIFICATION NUMBER
Classification number 294.5924
100 1# - MAIN ENTRY--PERSONAL NAME
Personal name Ranade, R. D.
Fuller form of name (Ramchandra Dattatraya).
245 14 - TITLE STATEMENT
Title The Bhagavadgītā as a philosophy of God-realisation;
Remainder of title being a clue through the labyrinth of modern interpretations
Statement of responsibility, etc. [by] R. D. Ranade.
250 ## - EDITION STATEMENT
Edition statement [2d. ed.]
260 ## - PUBLICATION, DISTRIBUTION, ETC.
Place of publication, distribution, etc. Bombay,
Name of publisher, distributor, etc. Bharatiya Vidya Bhavan,
Date of publication, distribution, etc. 1965.
300 ## - PHYSICAL DESCRIPTION
Extent xii, 287 p.
Dimensions 19 cm.
440 #0 - SERIES STATEMENT/ADDED ENTRY--TITLE
Title Bhavan's book university,
Volume/sequential designation 126
630 00 - SUBJECT ADDED ENTRY--UNIFORM TITLE
Uniform title Bhagavadgītā.

No items available.

Powered by Koha